| Tag |
First Indicator |
Second Indicator |
Subfields |
| LEADER |
00000nam a2200000Ia 4500 |
| 001 |
in00004325310 |
| 005 |
20200812085947.0 |
| 006 |
m g d |
| 007 |
cr bn |||a|bb| |
| 008 |
001215q16601665enka o 000 0 eng d |
| 035 |
|
|
|a (OCoLC)45578126
|
| 040 |
|
|
|a EAE
|c EAE
|e dcrb
|
| 037 |
|
|
|a CL0037000111
|b ProQuest Information and Learning. 300 N. Zeeb Rd., Ann Arbor, MI 48106
|
| 043 |
|
|
|a e-uk---
|
| 090 |
|
|
|a PN1376
|b .A711 1660
|
| 049 |
|
|
|a UMIA
|
| 245 |
0 |
4 |
|a The Arcadian lovers or, Colin and Amarillis. :
|b Being a composure, richly illustrated with the indeared expressions of a shepherd and shepherdess, for the pleasure and delight of all amorous fancies. To be sung in a tune of great rarity.
|
| 246 |
3 |
0 |
|a Colin and Amarillis
|
| 260 |
|
|
|a London, :
|b Printed by T. Mabb, for R. Burton, at the Horse-shoe in Smith-field,
|c [between 1660-1665]
|
| 300 |
|
|
|a 1 online resource (1 sheet ([1] pages) :
|b illustrations.
|
| 336 |
|
|
|a text
|b txt
|2 rdacontent
|
| 337 |
|
|
|a computer
|b c
|2 rdamedia
|
| 338 |
|
|
|a online resource
|b cr
|2 rdacarrier
|
| 500 |
|
|
|a Date of publication suggested by Wing.
|
| 500 |
|
|
|a Contains 2 woodcut illustrations.
|
| 500 |
|
|
|a Right half-sheet contains "The second part, to the same tune."
|
| 500 |
|
|
|a Reproduction of original in the University of Glasgow Library.
|
| 510 |
4 |
|
|a Wing (2nd edition)
|c A3604A
|
| 533 |
|
|
|a Electronic reproduction.
|b Ann Arbor, Mich. :
|c UMI,
|d 1999-
|f (Early English books online)
|n Digital version of: (Early English books, 1641-1700 ; 2613:13)
|7 s1999 miun s
|
| 650 |
|
0 |
|a Ballads, English
|y 17th century.
|
| 655 |
|
7 |
|a Broadsides
|z England
|y 17th century.
|2 rbgenr
|
| 830 |
|
0 |
|a Early English books online.
|
| 856 |
4 |
0 |
|u http://proxy.library.tamu.edu/login?url=https://search.proquest.com/docview/2240915699
|z Connect to the full text of this electronic book
|t 0
|
| 999 |
f |
f |
|s f609bf40-3b3e-3a50-b809-ad43b00e2d7e
|i e91502eb-6d29-3457-8d2e-1f7ceb596023
|t 0
|
| 952 |
f |
f |
|a Texas A&M University
|b College Station
|c Electronic Resources
|d Available Online
|t 0
|e PN1376 .A711 1660
|h Library of Congress classification
|
| 998 |
f |
f |
|a PN1376 .A711 1660
|t 0
|l Available Online
|